| 000 | 00336 a2200109 4500 | ||
|---|---|---|---|
| 001 | ART_11574 | ||
| 005 | 20260410161858.0 | ||
| 008 | 260409a | ||
| 245 | 1 | 0 | _aTwo problems in the theory of fairness |
| 100 | 1 | _aVarian, Hal R. | |
| 773 | 0 |
_tJournal of public economics _g- Vol. 5, NÂș 3/4 (abr./mayo. 1976) _wREV11485 |
|
| 999 |
_c25648 _d25648 |
||